000 01462nam0a2200361 4500
001 RU\NLR\bibl\866068
005 20250614160527.0
010 _a5-98528-004-7
_bв пер.
021 _aRU
_b2005-38499
_91913
035 _a(nilc)RSL-KNO-002676228
035 _a(NLR Aleph) 000854714
090 _a1502232
_c1502232
100 _a20050616d2005 |||y0rusy50 ca
101 1 _arus
_ceng
102 _aRU
105 _ay |||||||||
106 _ar
200 1 _aУроки посвященного
_eписьма к учащимся
_fМакс Гендель
_g[пер. с англ.: Свечников М. С., Альперович И. Г.]
210 _aМосква
_cЛИТОМЕД
_d2005
215 _a323, [5] с.
_cпортр.
_d21
606 1 _aРозенкрейцеры
_91588483
_3RU\NLR\auth\66697881
610 0 _aРелигия -- Вневероисповедные формы религии -- Масонство -- Вероучение -- Период сер. 17 в. - 1918 г. -- Персоналии богословов -- Гендель, Макс (1865-1919) - богослов
686 _aЭ391.3-4-350.8Гендель М.,0
_2rubbk
686 _aЭ391,0
700 1 _aГендель
_bМ.
_f1865-1919
_gМакс
_4070
801 0 _aRU
_bRuMoRKP
_c20050616
_grcr
801 1 _aRU
_bRuMoRGB
_c20050616
801 2 _aRU
_bNLR
_c20051103
_grcr
942 _cBOOK
980 _aNB